Органы пищеварительной системы на картинке - Statistics

General Stats
  • This quiz has been taken 203 times
  • The average score is 5 of 14
Answers on the Map
Answers color-coded by a green-red scale on the quiz's map according to % correct below.
 
Answer Stats
Answer % Correct
Анус
74%
Печень
55%
Горло
48%
Пищевод
47%
Язык
44%
Желудок
42%
Толстая кишка
42%
Ротовая полость
32%
Тонкая кишка
32%
Зубы
30%
Слюнные железы
23%
Поджелудочная железа
20%
Двенадцатиперстная кишка
19%
Жёлчный пузырь
17%
No matching quizzes found
Score Distribution
Percent of People with Each Score
Percentile by Number Answered
Your Score History
You have not taken this quiz